000 00627nam a2200181Ia 4500
008 090630s9999 xx 000 0 und d
082 _b16091
100 _aडॉ. दुर्गे वि. गो.
245 _aसुबोध लोककथा.
_cडॉ. दुर्गे वि. गो.
260 _bरेणुका.
300 _a48
600 _aडॉ. दुर्गे वि. गो.
630 _aसुबोध लोककथा.
655 _aबालवाङमय.
700 _aडॉ. दुर्गे वि. गो.
730 _aसुबोध लोककथा.
942 _cBOOK
999 _c267947
_d267947